Statistics for One Direction Songs by First Line

Click here to take the quiz!

General Stats

  • This quiz has been taken 14,586 times
    (14,582 since last reset)
  • The average score is 10 of 15

Answer Stats

HintAnswer% Correct
You're insecure/Don't know what for/You're turning head when you walk through the doorWhat Makes You Beautiful
95%
I've tried playin it cool/Girl when I'm lookin' at youOne Thing
85%
Give you this/give you that/blow a kiss/take it backI Want
80%
Shut the door/Turn the light offMoments
80%
Girl I can see it in your eyes you're disapointed/Cause I'm the foolish one that you anointedGotta Be You (2012 US Version)
77%
Now that you can't have me/You suddenly want meTaken
75%
It feels like we've been living in fast forward/Another moment passing byUp All Night
72%
I wanna save you/Wanna save your heart tonightSave You Tonight
71%
I'm broken/Do you hear me/I'm blinded/Cause you are everything I seeMore Than This
70%
Circles/We're going in circlesSame Mistakes
69%
He takes your hand/I die a littleI Wish
60%
From the moment I met you/Everything changedStand Up
56%
You know I've always got your back girl/So let me be the one you come runnin' toEverything About You
55%
Can't ever get it right/No matter how hard I tryTell Me a Lie
48%
The light shines/It's getting hot on my shoulderStole My Heart
48%

Score Distribution

Percentile by Number Answered

Percent of People with Each Score

Your Score History

You have not taken this quiz since the last reset